000 00543nam a22001937a 4500
999 _c6331
_d6331
003 OSt
005 20190919114855.0
008 190919b ||||| |||| 00| 0 eng d
020 _a9780195148091
040 _cDDC
082 _aWC450 C611w 2003
100 _aEdited by William, E. Dismukes; Peter, G. Pappas; Jack D. Sobel
_912958
245 _aClinical Mycology
260 _aOxford University Press,
_c2003
300 _axiii,519p;
_bill:
_c28cm
504 _aReferences, & index included
650 _aMycology
_98479
942 _2z
_cB_BANK